Latino soy : cumbia por el grupo La Empresa /
Αποθηκεύτηκε σε:
| Κύριος συγγραφέας: | |
|---|---|
| Μορφή: | Άγνωστο |
| Γλώσσα: | Spanish |
| Θέματα: | |
| Ετικέτες: |
Προσθήκη ετικέτας
Δεν υπάρχουν, Καταχωρήστε ετικέτα πρώτοι!
|
MARC
| LEADER | 000000000a22000000004500 | ||
|---|---|---|---|
| 001 | 007866 | ||
| 041 | 0 | |a spa | |
| 100 | 1 | |a Fonseca Zamora, Oscar | |
| 245 | 1 | 0 | |a Latino soy : |b cumbia por el grupo La Empresa / |c Oscar Fonseca Zamora. |
| 310 | |a Semestral | ||
| 650 | 4 | |a PATRIMONIO CULTURAL | |
| 650 | 4 | |a MUSICA POPLAR | |
| 650 | 4 | |a AMERICA LATINA | |
| 650 | 4 | |a HISTORIA Y CRITICA | |
| 773 | 0 | |d San José, Costa Rica : Editorial de la Universidad de Costa Rica |t Herencia |g 20# |g 10# |g 19920# |g 15-21 | |
| 942 | |c ARC | ||
| 999 | |c 14732 |d 14732 | ||
